Fr. Conceicao Rodrigues College of Engineering

Surface preparation and finishes for Metals (Record no. 32856)

MARC details
000 -LEADER
fixed length control field 00337nam a2200145Ia 4500
082 ## - DEWEY DECIMAL CLASSIFICATION NUMBER
Classification number 671.7
Item number MUR
100 ## - MAIN ENTRY--PERSONAL NAME
Personal name Murphy James/ed
245 ## - TITLE STATEMENT
Title Surface preparation and finishes for Metals
260 ## - PUBLICATION, DISTRIBUTION, ETC.
Name of publisher, distributor, etc. Society of Manufacturing Engineers
Date of publication, distribution, etc. 1971
300 ## - PHYSICAL DESCRIPTION
Extent 493
546 ## - LANGUAGE NOTE
Language note ENGLISH
654 ## - SUBJECT ADDED ENTRY--FACETED TOPICAL TERMS
Focus term metals
942 ## - ADDED ENTRY ELEMENTS (KOHA)
Koha item type BOOK
Holdings
Withdrawn status Lost status Damaged status Not for loan Collection Home library Current library Date acquired Total Checkouts Full call number Barcode Date last seen Price effective from Koha item type
        CRC Fr. Agnel's C.Rodrigues College of Engineering Fr. Agnel's C.Rodrigues College of Engineering 17/03/2023   671.7 MUR 13379 17/03/2023 17/03/2023 BOOK
        CRC Fr. Agnel's C.Rodrigues College of Engineering Fr. Agnel's C.Rodrigues College of Engineering 17/03/2023   671.7 MUR 13380 17/03/2023 17/03/2023 BOOK